000 01316nam a2200397 c 4500
001 53040
003 ES-MaCES
005 20250211131304.0
008 000000s2023 sp 000 | spa d
017 _aM 26237-2023
_bDL
020 _a 9788419111852
040 _aES-MaCES
_bspa
_cES-MaCES
100 1 _920382
_aParejo Gámir, José Alberto
245 1 3 _aEl sistema financiero español en el marco de la UE
_b: teoría y práctica
_cJosé Arberto Parejo Gamir, Antonio Calvo Bernardino y Eduardo Alcalde Gutiérrez
260 _aMadrid
_bCEU ediciones
_c[2023]
300 _a368 p.
_c22 cm
500 _aEn el lomo: 8
504 _aBibliografía
541 _cCompra
650 4 _amercado financiero
_928150
650 4 _asector financiero
_930761
650 4 _apolítica financiera
_928124
650 4 _apolítica crediticia
_928109
650 4 _adesarrollo institucional
_929802
650 4 _aUEM
_930760
650 4 _aEspaña
_926964
650 4 _926752
_aUE
650 4 _ateoría económica
_927076
650 4 _aanálisis económico
_927070
653 1 0 _aFinanciación
700 1 _98751
_aCalvo Bernardino, Antonio
700 1 _940910
_aAlcalde Gutiérrez, Eduardo
710 2 _aFundación Universitaria San Pablo CEU
_eed.
_93923
902 _aLIB Libro
942 _2CES
_cBK
_h0.0.
999 _c53040
_d53040